000 00702nam a2200241 i 4500
001 C2-0217429
003 PPAK
005 20180728105903.0
008 990627s1984 enka|||| ||||| | eng d
020 _a0861242009
040 _aPPAK
_beng
_cPPAK
_erda
082 0 4 _a919.69
_2 23
090 0 0 _a919.69
_bTHR
_dR
100 1 _aThrasher, Barbara Paulding,
_eauthor
245 1 0 _aHawaii American's Paradise
264 1 _aLondon :
_bBison Books Ltd. ,
_c1984
300 _a82 pages :
_bcolour illustrations ;
_c32 cm
336 _2rdacontent
_atext
337 _2rdamedia
_aunmediated
338 _2rdacarrier
_avolume
650 1 0 _aHawaii - description and travel ; Hawaii Island
942 _ddc
_cB
999 _c160621
_d160621